000 01065naa a22002897a 4500
001 BR7800622
003 BR-BrBNA
005 20250714162939.0
007 ta
008 250630b bl.|||m| |||| 00| 0 por d
040 _aBR-BrBNA
_bpor
_cBiblioteca Nacional de Agricultura
041 _a(Pt)
072 _aF25; F22
_b0230
_bG514
090 _aF25 BR7800622
100 1 _aMuzilli, O.
245 1 _aCalagem e adubacao para a cana-de-acucar no Estado do Parana [Saccharum officinarum]
500 _aRecomendacoes tecnicas para a cultura da cana-de-acucar no Estado do Parana Londrina, PR (Brasil): 1977. p. 50-77 [14 ref.] (BR7800622-AMS)
773 0 _tRecomendacoes tecnicas para a cultura da cana-de-acucar no Estado do Parana
_wF25 BR7800622
_gLondrina, PR (Brasil), 1977. p. 50-77
650 _aCANA DE ACUCAR
650 _aCALAGEM
650 _aADUBACAO
650 _aNUTRIENTE
650 _aPARANA
490 _aCircular - Fundacao Instituto Agronomico do Parana (Brazil)
_vno. 6
942 _cAMS
_2AGRIS
909 _a202506
_bLúcia
_c55
_dLúcia Elande
999 _c333064
_d333064